000 00298nam a22001217a 4500
082 _a728.37
_bNEW
_cL-14, P-5
245 _aNew Houses
260 _aLondon :
_bB.T Batsford Limited,
_c.
300 _a174 p. :
526 _a0
_b0
_c0
_d728_370000000000000_NEW
650 _aMCE
_9379
942 _2ddc
_cBK
999 _c549357
_d549357